000 00657nam a2200229 a 4500
001 BRL_874
005 20190320210932.0
008 211013s1974----xr-a######---#000-0#slo-#
041 _aslo
044 _axr
050 4 _aND3235.C9
_b.K73 1974
100 1 _aKrása, Josef
_925204
245 1 0 _aRukopisy Vacláva IV
_cJosef Krása.
260 _aPraha
_bOdeon
_c197452
300 _a306 p.
_bil., láminas
_c30 cm.
500 _aAu984
504 _aBibliografía: p. 272-280
600 1 4 _aWenceslas
_cEmperador de Alemania
_d1361-1419
_xManuscritos
_925205
650 1 4 _aIluminación de libros y manuscritos, Checo
_925206
902 _aGRL
942 _2lcc
_cB
999 _c9686
_d9686